000 01063nam a2200253Ia 4500
003 OSt
005 20200901103503.0
008 191128s1989 ck a gr 000 0 spa d
040 _aCO-JMCR
_cCO-JMCR
041 0 _aspa
082 0 4 _a371.3 /
_bE749t
_223
110 1 _aEscuela Superior de Administración pública
_93262
245 1 0 _aTécnicas de Estudio /
_cEscuela Superior de Administración pública ; editado por Julia Rosa Rodriguez de Martinez
260 _aBogotá :
_bEsap,
_c1989.
300 _a74 páginas :
_b ilustraciones a blanco y negro ;
_c25 cm.
300 _b
300 _c 25 cm
504 _aBibliografía : páginas 73-74.
505 0 _aProgramación par el estudio -- Aspectos para comprender y asimilar lo que se estudia -- Tecnicas para ayudar a la comprensión -- Redacción de un documento o trabajo escrito -- Preparación para las evaluaciones o examenes
650 2 4 _aTécnicas de estudio
_99546
650 2 4 _aHábitos de estudio
_99547
700 1 _aRodriguez de Martinez, Julia Rosa,
_eeditor
_99548
942 _2ddc
_cBK
999 _c6085
_d6085